Trouvez les personnages du MCU - Statistiques

Statistiques générales
  • Ce quiz a été pris 288 fois
  • Le résultat moyen est 12 sur 16
Statistiques - réponses
Par images Réponse % Correct
Docteur Strange
97%
Spider-Man / Peter Parker
97%
Tony Stark / Iron Man
97%
T'challa / Blackpanther
96%
Loki
95%
Thanos
95%
Natasha Romanoff / Black widow
93%
Ant-Man / Scott Lang
90%
Rocket
90%
Nick Fury
89%
Soldat de l'hiver / Bucky Barnes
69%
Peggy Carter
60%
Jane Foster
54%
Ronan
51%
Talos
25%
Ebony Maw
22%
Aucun quiz correspondant
Distribution des résultats
% des personnes avec chaque résultat
Percentile par nombre de réponses
Votre historique - résultats
Vous n’avez pas pris ce quiz